Most Capped International Footballers For Morocco - Statistics

General Stats
  • This quiz has been taken 13 times
  • The average score is 6 of 22
Answer Stats
# Caps Years Answer % Correct
2 94 2016- Achraf Hakimi
100%
5 89 2013- Yassine Bounou
91%
19 64 2015- Hakim Ziyech
82%
11 73 2017- Sofiane Amrabat
64%
4 90 2016- Youssef En-Nesyri
45%
19 64 2019- Nayef Aguerd
36%
19 64 2003-2012 Youssouf Hadji
36%
15 68 2018- Ayoub El-Kaabi
27%
1 115 1990-2006 Noureddine Naybet
27%
6 84 2012-2025 Romain Saiss
27%
18 65 2003-2014 Marouane Chamakh
18%
14 72 1992-2001 Abdelkrim El-Hadrioui
9%
10 76 1973-1988 Abdelmajid Dolmy
9%
2 94 1966-1979 Ahmed Faras
9%
8 78 1979-1992 Ezzaki Badou
9%
8 78 2004-2015 Houssine Kharja
9%
15 68 2006-2019 Mbark Boussoufa
9%
19 64 2008-2019 Mehdi Benatia
9%
11 73 1996-2006 Youssef Chippo
9%
7 79 1999-2009 Youssef Safri
9%
11 73 1969-1979 Mohamed Hamid Hazzaz
0%
17 67 1979-1990 Mohamed Timoumi
0%
No matching quizzes found
Score Distribution
Percent of People with Each Score
Percentile by Number Answered
Your Score History
You have not taken this quiz